000 01055njm a2200289Ia 4500
001 25761
003 IT-RoPAU
005 20220918181157.0
008 131025s9999 xx 000 0 und d
040 _aIT-RoPAU
040 _cIT-RoPAU
999 _c102717
_d102717
999 _bn.d.
100 _aWagner Richard
_9952
100 _eAutore musica
_914231
100 _gCodice autore musica SPICS: 563
_9954
245 _aWagner and Toscanini
250 _a1a ed.
260 _aROMA
260 _bRCA (RADIO CORP. AMERICA)
_c1975 [1a Ed.:1975]
300 _aDISCO
500 _aMusica classica. Musica operistica. Musica lirica
505 _aIl crepuscolo degli dei (1941) - Sigfrido (1941) - I maestri cantori di Norimberga (1946) - Lohengrin (1951) - La Walkiria (1941) - Tristano e Isotta (1952) - Parsifal (1949) - Idillio di Sigfrido (1952) - Faust (1946)
511 _aNbc Symphony Orchestra
650 _aLIRICA [DISCHI]
_eCodice MATERIA SPICS: 9950
_914232
700 _aToscanini Arturo
_gCodice interprete SPICS: 24194
_eInterprete
_914233
942 _cMD
_2ddc